000 00995nam a2200229Ia 4500
003 Ost
005 20260507075650.0
008 260507s9999||||xx |||||||||||||| ||und||
020 _a3130249957
040 _cfsecg
041 _aara
082 _a658.47
100 _aالشرمان، زياد محمد
_eمؤلف
245 0 _aمقدمة في نظم المعلومات الإدارية MIS /
_c زياد محمد الشرمان
260 _aعمان:
_bدار صفاء للنشر والتوزيع,
_c2004
300 _a353 صفحة؛
_bإيضاحات ؛
_c24 سم
504 _aالملاحق ص. 359 المراجع ص. 361
520 _aالمعلومات الإدارية- النظام- مراحل تطور نظم المعلومات الإدارية- كفاءة نظم المعلومات باستخدام بيرت- نظم المعلومات الإدارية.
653 _aالإدارة
653 _aنظم المعلومات- المؤسسة الممتدة
942 _cكتاب
999 _c45573
_d45573